000 00644nam a2200253 a 4500
001 nice12345678
003 IN_TiNIC
005 20260116012309.0
008 050524s1987 jaia grp 000 0 eng
020 _a8170446
_c135
082 0 0 _a320.0954
_bSHA
100 _aSharma, Jai Prakash
245 _aFederal Systems of India and Pakistan.
260 _aJaipur
_bPrintwell Publishers
_c1987
300 _a160p
500 _aincludes index and biblioraphy
505 2 _aIndex
650 _aPolitics-India
650 _aPolitics-Pakistan
700 1 _aSharma, Jai Prakash
902 _bSRS
942 _cBK
999 _c6440
_d6440